Statistiques concernant Les départements produisant le plus d'énergie biogaz

Cliquez ici pour prendre le quiz!

Statistiques générales

  • Ce quiz a été pris 77 fois
    (47 depuis la dernière actualisation)
  • Le résultat moyen est 4 sur 10

Statistiques - réponses

DépartementPuissance (MW)% Correct
Nord18,886
71%
Pas-de-Calais15,3391
61%
Bouches-du-Rhône30,08
45%
Seine-et-Marne32,069
37%
Moselle14,2976
34%
Yvelines14,3
34%
Essonne13,601
24%
Val-D'Oise18,536
21%
Mayenne18,0342
18%
Vosges15,529
16%

Distribution des résultats

Percentile par nombre de réponses

% des personnes avec chaque résultat

Votre développement - résultats

Vous n’avez pas pris ce quiz depuis la dernière actualisation